000 00690nam a2200241Ia 4500
003 OSt
005 20221005025541.0
006 a|||||r|||| 00| 0
007 ta
008 221004b |||||||| |||| 00| 0 eng d
024 _a46858
037 _cTextual
040 _aCRL
_cCRL
_beng
041 _2eng
_aeng
082 _aO111,3v, L7
100 _aHarrex S. C.
_9581830
245 0 _aFire and the offering. Vol 1
_b English language novel of India 1935-1970.
260 _aCalcutta
_bWriters Workshop Publication India
_c1977
300 _a261p.
_ccm.
650 _aENGLISH LITERATURE
942 _hO111,3v, L7
_cTEXL
_2cc
999 _c934900
_d934900